Регионална библиотека "Любен Каравелов" - Русе

Ловът на "Червения Октомври" : Ч. 1 (Запис номер 10918)

MARC детайли
000 -Лидер
Контролно поле с фиксирана дължина 01428nam a2200373 c 4500
003 - Код на организацията, давaща контролен номер
Контролно поле BLK
005 - Дата и час на последна редакция
Контролно поле 20240520114309.0
008 - Елементи от данни с фиксирана дължина
fixed length control field 180412b bul|||||r ||||||| ||bul||
010 ## - Наследен системен номер
LC control number KNG00012432000
020 ## - Международен стандартен номер на книга ISBN
Международен стандартен номер на книга ISBN 954-17-0105-1
040 ## - Източник на каталожния запис
Идентификатор на билиотеката - собственик на записа BLK
041 ## - Код за език
Код за езика на текст/звукозапис или на отделно заглавие Български
Код за езика КДБФ Български
080 ## - УДК
Текстов определител УДК Американска литература (на САЩ)
УДК код - определител по УДК 821.111(73)
УДК определител -311.6
УДК - код + определител 821.111(73)-311.6
100 1# - Редна дума - Автор
Автор Кланси, Том
Авторска отговорност първи автор
R(LIN) 79533
139 ## - Редно поле
Редна дума Кланси, Том
Авторски знак Knu - K 63
245 10 - Сведения за заглавието
Заглавие Ловът на "Червения Октомври" : Ч. 1
Подзаглавни данни Роман : Ч. 1 - 2
Редно поле (дума) Том Кланси; прев. Георги Стойчев; прев. Кирил Кирилов.
Том Ч. 1
257 ## - Страна на издаване
Страна на създаване/издаване Съединени американски щати
260 ## - Област на издателските данни
Име на издателя, разпространителя и проч. Калпазанов
Година на издаване 1995 - 1996
Печатница В. Търново : Абагар
300 ## - Физическа характеристика
Размери/Мащаб 20 см
380 ## - Жанр
Жанр Худож. лит.
490 1# - СЕРИИ (Колекции)
Име на серия Поредица Военен трилър
500 ## - Общи забележки
Забележка Ориг. загл. Тhe Hunt for Red October / Tom Clancy. - Офс. изд.
653 ## - Ключова дума – ненормативна
Ключова дума романи
700 1# - Други автори (авторска отговорност)
Лично име Стойчев, Георги
Автороска отговорност (Описва отношението между автора и произведението) прев.
9 (RLIN) 363573
700 1# - Други автори (авторска отговорност)
Лично име Кирилов, Кирил
Автороска отговорност (Описва отношението между автора и произведението) прев.
9 (RLIN) 364063
760 1# - Описание на основната серия
Редна дума на основното описание Кланси, Том
Място на издаване, издател и година 1995
Страници - том 236 с.
Заглавие Ч. 1
852 ## - Местоположение
Форматна сигнатура Цб 185661
856 4# - Електронен адрес и достъп
Електронен формат pdf - файл
Път до файла /url/
856 4# - Електронен адрес и достъп
Електронен формат pdf - файл
Път до файла /url/
999 ## - СИСТЕМНИ КОНТРОЛНИ НОМЕРА
Koha biblionumber 10918
Koha biblioitemnumber 10918
942 ## - АРТИКУЛИ
Вид на библиотечния материал Книги
Скрит в OPAC Не
Koha issues (borrowed), all copies 3
944 ## - СЪЗДАВАНЕ И РЕДАКЦИЯ на ЗАПИСА
Създаване/Редакция Създаване
Дата на регистрацията/редакция 15.01.2003
Служител, извършил регистрацията/редакцията 30530
Статус, дата на статуса Минев Младен
944 ## - СЪЗДАВАНЕ И РЕДАКЦИЯ на ЗАПИСА
Създаване/Редакция Редакция
Дата на регистрацията/редакция 21.10.2010
999 ## - СИСТЕМНИ КОНТРОЛНИ НОМЕРА
Koha biblioitemnumber 10918
Наличности
Код за отписване Код за изгубен артикул Източник на класификационната схема Код за повреда Коз за рестрикции Код за отдаване Артикулен № Име на библиотеката - собственик Име на библиотеката, в която се намира в момента Статус (Текущо местоположение) Дата на вписване в системата Местоположение - отдел Цена в лева Инвентарен номер Систематично азбучна сигнатура Баркод Номер на екземпляра Цена в евро Служебна бележка Служебен тип на артикула
  Не е изгубен Universal Decimal Classification Не е повреден без рестрикции ползва се в читалня 18960 Регионална библиотека "Любен Каравелов" Русе Регионална библиотека "Любен Каравелов" Русе Хранилище 2001-01-01 Хранилище 0.90 622778 Цб 185661 120000622778 1 0.46 Дост: Dp Вид: Ф N: стар фонд Дата: 01.01.1996 Книги
  Не е изгубен Universal Decimal Classification Не е повреден без рестрикции заемане за дома 679650 Регионална библиотека "Любен Каравелов" Русе Регионална библиотека "Любен Каравелов" Русе Заемна - подръчен фонд 2018-08-28 Заемна - подръчен фонд 0.37 120000821969 П 820(73)-31/К 63 120000821969 2 0.19   Книги
Vip Innovations Ltd, Rousse, Bulgaria 2025